000 00290nam a2200121Ia 4500
008 190216s9999||||xx |||||||||||||| ||und||
100 _aBanerjee U K & Sachadeva
245 0 _aManagement Information Systems
260 _bNull
_c1999
300 _a250p
650 _aCommerce
942 _cBK
999 _c5575
_d5575